Farm-gate price of natural rubber (Record no. 49726)

MARC details
000 -LEADER
fixed length control field 00413nam a2200157Ia 4500
100 ## - MAIN ENTRY--AUTHOR NAME
Personal name Sreekumar B.
245 #0 - TITLE STATEMENT
Title Farm-gate price of natural rubber
260 ## - PUBLICATION, DISTRIBUTION, ETC. (IMPRINT)
Name of publisher Indian Journal of Natural Rubber Research
Year of publication 1990
300 ## - PHYSICAL DESCRIPTION
Number of Pages 111-115
650 ## - SUBJECT ADDED ENTRY--TOPICAL TERM
Topical Term Farm gate price
650 ## - SUBJECT ADDED ENTRY--TOPICAL TERM
Topical Term Marketing
700 ## - ADDED ENTRY--PERSONAL NAME
Personal name Haridasan V.
700 ## - ADDED ENTRY--PERSONAL NAME
Personal name Rajasekharan P.
942 ## - ADDED ENTRY ELEMENTS (KOHA)
Koha item type Bibliography STAF
Holdings
Withdrawn status Lost status Damaged status Not for loan Home library Current library Shelving location Date acquired Serial Enumeration / chronology Koha item type
      Bibliography RRII Library RRII Library Economics 09/04/2014 Volume 3, Issue 2 Bibliography STAF